01157cam a22003137a 450000500170000000800410001701000100005801100100006803500100007809000090008809000100009710000460010724501180015326000400027130000100031150200950032159000370041659000410045359000410049459000410053559000410057659000420061765000390065965000380069865000380073671000450077490100070081999900170082620220329141200.0971010s1989 r 00010 d a63972 a64944 a71093 aM474 aTesis00aMartínez Velázquez, Guillermo.972609 0aEfectos genéticos, aditivos individuales de razas bovinas para características de crecimiento en el trópico aChapingo, Méx. :bEl autor,c1989 a70 h. aTesis (Maestro en Ciencias Esp. en Producción Animal) -- UACH. Departamento de Zootecnia aALEPHb10c20130110lUCH01h1348 aBATCH-UPDb10c20130110lUCH01h0555 aBATCH-UPDb10c20130110lUCH01h2243 aBATCH-UPDb10c20130410lUCH01h0237 aBATCH-UPDb10c20130914lUCH01h1523 aCONVERSIONb10c20130109lUCH01h133514aGanado vacunoxCrecimiento.94545014aGanado vacunoxGenética.94547014aGanado vacunoxTrópicos.9455220 aUACH. Departamento de Zootecnia.9115904 aBK c63972d63972